000 00535nam a22001937i 4500
001 3843
003 OSt
005 20170126082324.0
007 tu
008 161220s1998 xxu||||| |||| 00| 0 d
024 7 _a3842
_2RID
040 _cOSt
084 _a2.213
_2z
100 1 _aMailand, Wilhelm
245 0 0 _aZum Einfluß von Unsicherheit auf die gesamtwirtschaftliche Investitionstätigkeit
260 _aHamburg :
_bHWWA-Institut für Wirtschaftsforschung,Hamburg,
_c1998.
300 _a29 S. ;
_c30cm.
490 _aHWWA-Diskussionspapier
_v57
942 _cB
999 _c3782
_d3782